00660nam a2200217Ia 4500003000900000008004100009040001300050040001300063041000800076100001700084245004500101250000900146260002100155260000900176300001100185300001000196490000600206942000700212999001700219952020600236IT-RoPAU120407s9999 xx 000 0 und d aIT-RoPAU cIT-RoPAU aita aAmedeo Caira aIl pastore delle anime secondo san Paolo aAlba aEdizioni Paoline c1940 a132 p. c18 cm v1 cBK c25234d25234 00102ddc406253_200000000000000_5971aPAULUSbPAULUSd2012-04-11l0o253.2.59r2012-04-11 00:00:00w2012-04-11yBKzInserito da: Giancarlo In data: 24 ottobre 2011 fondo: Via A.Severo 56 Progr:13703